Normal view MARC view

Entry Nombre personal

Number of records used in: 1

001 - NÚMERO DE CONTROL

  • campo de control: 953

003 - IDENTIFICADOR DE NÚMERO DE CONTROL

  • campo de control: DLC

005 - FECHA Y HORA DE LA ÚLTIMA TRANSACCIÓN

  • campo de control: 20260321113057.0

008 - ELEMENTOS DE DATO DE LONGITUD-FIJA

  • campo de control de longitud fija: 890109n| acannaabn |a aaa

010 ## - NÚMERO DE CONTROL DE LA BIBLIOTECA DEL CONGRESO

  • Número de control de LC: n 88247161

035 ## - NÚMERO DE CONTROL DEL SISTEMA

  • Número de control de sistema: (OCoLC)oca02435638

040 ## - FUENTE DE CATALOGACIÓN

  • Centro catalogador/agencia de origen: DLC
  • Lengua de catalogación: eng
  • Centro/agencia transcriptor: DLC
  • Centro/agencia modificador: DLC
  • Centro/agencia modificador: OCoLC

100 1# - ENCABEZAMIENTO-NOMBRE DE PERSONA

  • Nombre de persona: Rodrigué, Emilio

400 1# - TRAZADO DE VÉASE--NOMBRE DE PERSONA

  • Nombre de persona: Rodrigué, E.
  • Forma completa/desarrollada del nombre: (Emilio)

670 ## - FUENTE DE DATOS ENCONTRADOS

  • Cita de la fuente: His Ondina, supertramp, c1987:
  • Información encontrada: t.p. (Emilio Rodrigué)

670 ## - FUENTE DE DATOS ENCONTRADOS

  • Cita de la fuente: His La lección de Ondina, c1980:
  • Información encontrada: t.p. (Emilio Rodrigué) spine (E. Rodrigué)

670 ## - FUENTE DE DATOS ENCONTRADOS

  • Cita de la fuente: LC data base, 12-27-88
  • Información encontrada: (hdg.: Rodrigué, Emilio)

670 ## - FUENTE DE DATOS ENCONTRADOS

  • Cita de la fuente: 60 anos de psicanálise, 1993:
  • Información encontrada: t.p. (Emílio Rodrigué) p. 100 (b. 1923; Argentinian psychoanalyst)